Založenie spoločnosti s ručením obmedzeným

Založenie a vznik spoločnosti s ručením obmedzeným. Registračné povinnosti po založení spoločnosti s ručením obmedzeným. Založenie účtovníctva pri vzniku spoločnosti. Účtovanie vkladov spoločníkov do základného imania v spoločnosti s r.o. Povinnosti voči správcovi dane v priebehu činnosti.

Salvato in:
Dettagli Bibliografici
Autore principale: Kolembus, Anton
Altri autori: Kolembusová, Ivana
Natura: Capitolo di libro
Lingua:slovacco
Soggetti:
Tags: Aggiungi Tag
Nessun Tag, puoi essere il primo ad aggiungerne!!

MARC

LEADER 00000naa a2200000 4500
001 0248277
005 20221104111151.4
041 0 |a slo 
044 |a SK 
245 1 0 |a Založenie spoločnosti s ručením obmedzeným  |c Anton Kolembus, Ivana Kolembusová 
520 |a Založenie a vznik spoločnosti s ručením obmedzeným. Registračné povinnosti po založení spoločnosti s ručením obmedzeným. Založenie účtovníctva pri vzniku spoločnosti. Účtovanie vkladov spoločníkov do základného imania v spoločnosti s r.o. Povinnosti voči správcovi dane v priebehu činnosti. 
610 2 0 |a podnikanie 
610 2 0 |a spoločnosti s r.o. 
610 2 0 |a predpisy právne 
610 2 0 |a účtovanie 
610 2 0 |a správa daňová 
100 1 |a Kolembus, Anton 
700 1 |a Kolembusová, Ivana